| 000 | 00730cgm a22002413a 4500 | ||
|---|---|---|---|
| 001 | 19457845 | ||
| 005 | 20180216070439.0 | ||
| 007 | vd cvaizk | ||
| 008 | 170120s2016 xxu028 maeng | ||
| 010 | _a 2017600345 | ||
| 017 |
_aPA0002010497 _bU.S. Copyright Office |
||
| 040 |
_aDLC _cDLC _eamim _dDLC |
||
| 041 | 1 |
_aeng _aspa |
|
| 080 | _a37 | ||
| 100 | _a48 | ||
| 101 | _aedu | ||
| 245 | 0 | 0 |
_aSuperbook. _pElisha and the Syrians / _cThe Christian Broadcasting Network presents ; directed by Jerry Yu Ching ; screenplay by Mark Edward Edens. |
| 246 | 3 | 0 | _aElisha and the Syrians |
| 257 | _aUnited States. | ||
| 906 |
_a0 _bcbc _corignew _du _encip _f20 _gy-movingim |
||
| 942 |
_2ddc _cBK |
||
| 999 |
_c42793 _d42793 |
||